MARC

LEADER 00000nam0a2200000 4500
001 161256
005 20231101222236.0
010 |a 5020077787 
020 |a RU  |b 90-60469 
035 |a (RuTPU)RU\TPU\book\174869 
090 |a 161256 
100 |a 20090605d1990 m y0rusy5003 ca 
101 1 |a rus  |c pol 
102 |a RU 
105 |a a z 000ay 
200 1 |a Маска  |e Не только фантастика : [перевод]  |f С. Лем  |g худож. В. С. Любаров 
210 |a Москва  |c Наука  |d 1990 
215 |a 315,[2] с.  |c ил.  |d 21 см 
225 1 |a Библиотека журнала "Химия и жизнь" 
610 1 |a Научно-фантастические романы и рассказы 
610 1 |a польская литература 
675 |a 884  |z rus 
700 1 |a Лем  |b С.  |c польский писатель  |c фантаст  |f 1921-2006  |g Станислав  |2 stltpush  |3 (RuTPU)RU\TPU\pers\37035  |9 20050 
702 1 |a Любаров  |b В. С.  |4 440 
801 0 |a RU  |b RuMRKP  |c 19950417  |g psbo 
801 1 |a RU  |b 63413507  |c 20090605  |g PSBO 
801 2 |a RU  |b 63413507  |c 20160808  |g PSBO 
942 |c BK